<?xml version="1.0" encoding="UTF-8"?>
<record
    xmlns:xsi="http://www.w3.org/2001/XMLSchema-instance"
    xsi:schemaLocation="http://www.loc.gov/MARC21/slim http://www.loc.gov/standards/marcxml/schema/MARC21slim.xsd"
    xmlns="http://www.loc.gov/MARC21/slim">

  <leader>00861nas a2200241 454500</leader>
  <controlfield tag="001">20535</controlfield>
  <controlfield tag="005">20260407193506.0</controlfield>
  <controlfield tag="008">260407s1976####ag###########|||spa#d</controlfield>
  <controlfield tag="003">AR-UNSa-BCEJYS</controlfield>
  <datafield tag="040" ind1=" " ind2=" ">
    <subfield code="a">AR-UNSa-BCEJYS</subfield>
    <subfield code="b">spa</subfield>
    <subfield code="c">AR-UNSa-BCEJYS</subfield>
  </datafield>
  <datafield tag="080" ind1=" " ind2=" ">
    <subfield code="a">369</subfield>
    <subfield code="x">Seguridad social </subfield>
  </datafield>
  <datafield tag="245" ind1="1" ind2="0">
    <subfield code="a">Revista de seguridad social</subfield>
  </datafield>
  <datafield tag="022" ind1=" " ind2=" ">
    <subfield code="a">0325-4852</subfield>
  </datafield>
  <datafield tag="264" ind1=" " ind2="1">
    <subfield code="a">Buenos Aires :</subfield>
    <subfield code="b">Direcci&#xF3;n General de Programaci&#xF3;n y Legislaci&#xF3;n</subfield>
    <subfield code="c">1976</subfield>
  </datafield>
  <datafield tag="310" ind1=" " ind2=" ">
    <subfield code="a">Frecuencia: Trimestral</subfield>
  </datafield>
  <datafield tag="942" ind1=" " ind2=" ">
    <subfield code="c">SER</subfield>
  </datafield>
  <datafield tag="590" ind1=" " ind2=" ">
    <subfield code="a">niveau_biblio:s niveau_hierar:1</subfield>
  </datafield>
  <datafield tag="100" ind1="1" ind2=" ">
    <subfield code="a">Argentina. Ministerio de Bienestar Social. Secretaria de Estado de Seguridad Social</subfield>
  </datafield>
  <datafield tag="700" ind1="1" ind2=" ">
    <subfield code="a">Grego, Rub&#xE9;n O.</subfield>
  </datafield>
  <datafield tag="650" ind1=" " ind2=" ">
    <subfield code="a">Seguridad social</subfield>
  </datafield>
  <datafield tag="650" ind1=" " ind2=" ">
    <subfield code="a">Pol&#xED;tica social</subfield>
  </datafield>
  <datafield tag="856" ind1="4" ind2="1">
    <subfield code="u">https://biblioeco.unsa.edu.ar/pmb/images/revistas/Revista de Seguridad Social.jpg</subfield>
    <subfield code="y">Imagen de portada</subfield>
    <subfield code="q">image/jpeg</subfield>
  </datafield>
  <datafield tag="999" ind1=" " ind2=" ">
    <subfield code="c">8546</subfield>
    <subfield code="d">8546</subfield>
  </datafield>
  <datafield tag="952" ind1=" " ind2=" ">
    <subfield code="0">0</subfield>
    <subfield code="1">0</subfield>
    <subfield code="4">0</subfield>
    <subfield code="7">0</subfield>
    <subfield code="a">BCEJYS</subfield>
    <subfield code="b">BCEJYS</subfield>
    <subfield code="c">17</subfield>
    <subfield code="d">1984-04-01</subfield>
    <subfield code="h">A&#xF1;o XVII, N&#xBA; 190/192 - abr./jun. 1984</subfield>
    <subfield code="l">0</subfield>
    <subfield code="o">H369 REV 190/192</subfield>
    <subfield code="p">R09696</subfield>
    <subfield code="r">2026-04-10 16:08:05</subfield>
    <subfield code="w">2026-04-10</subfield>
    <subfield code="y">RN</subfield>
  </datafield>
  <datafield tag="952" ind1=" " ind2=" ">
    <subfield code="0">0</subfield>
    <subfield code="1">0</subfield>
    <subfield code="4">0</subfield>
    <subfield code="7">0</subfield>
    <subfield code="a">BCEJYS</subfield>
    <subfield code="b">BCEJYS</subfield>
    <subfield code="c">17</subfield>
    <subfield code="d">1984-01-01</subfield>
    <subfield code="h">A&#xF1;o XVII, N&#xBA; 187/189 - ene./mar. 1984</subfield>
    <subfield code="l">0</subfield>
    <subfield code="o">H369 REV 187/189</subfield>
    <subfield code="p">R09695</subfield>
    <subfield code="r">2026-04-10 16:08:05</subfield>
    <subfield code="w">2026-04-10</subfield>
    <subfield code="y">RN</subfield>
  </datafield>
  <datafield tag="952" ind1=" " ind2=" ">
    <subfield code="0">0</subfield>
    <subfield code="1">0</subfield>
    <subfield code="4">0</subfield>
    <subfield code="7">0</subfield>
    <subfield code="a">BCEJYS</subfield>
    <subfield code="b">BCEJYS</subfield>
    <subfield code="c">17</subfield>
    <subfield code="d">1983-10-01</subfield>
    <subfield code="h">A&#xF1;o XVI, N&#xBA; 184/186 - oct./dic. 1983</subfield>
    <subfield code="l">0</subfield>
    <subfield code="o">H369 REV 184/186</subfield>
    <subfield code="p">R09694</subfield>
    <subfield code="r">2026-04-10 16:08:05</subfield>
    <subfield code="w">2026-04-10</subfield>
    <subfield code="y">RN</subfield>
  </datafield>
  <datafield tag="952" ind1=" " ind2=" ">
    <subfield code="0">0</subfield>
    <subfield code="1">0</subfield>
    <subfield code="4">0</subfield>
    <subfield code="7">0</subfield>
    <subfield code="a">BCEJYS</subfield>
    <subfield code="b">BCEJYS</subfield>
    <subfield code="c">17</subfield>
    <subfield code="d">1983-07-01</subfield>
    <subfield code="h">A&#xF1;o XVI, N&#xBA; 181/183 - jul./sep. 1983</subfield>
    <subfield code="l">0</subfield>
    <subfield code="o">H369 REV 181/183</subfield>
    <subfield code="p">R09693</subfield>
    <subfield code="r">2026-04-10 16:08:05</subfield>
    <subfield code="w">2026-04-10</subfield>
    <subfield code="y">RN</subfield>
  </datafield>
  <datafield tag="952" ind1=" " ind2=" ">
    <subfield code="0">0</subfield>
    <subfield code="1">0</subfield>
    <subfield code="4">0</subfield>
    <subfield code="7">0</subfield>
    <subfield code="a">BCEJYS</subfield>
    <subfield code="b">BCEJYS</subfield>
    <subfield code="c">17</subfield>
    <subfield code="d">1983-04-01</subfield>
    <subfield code="h">A&#xF1;o XVI, N&#xBA; 178/180 - abr./jun. 1983</subfield>
    <subfield code="l">0</subfield>
    <subfield code="o">H369 REV 178/180</subfield>
    <subfield code="p">R09692</subfield>
    <subfield code="r">2026-04-10 16:08:05</subfield>
    <subfield code="w">2026-04-10</subfield>
    <subfield code="y">RN</subfield>
  </datafield>
  <datafield tag="952" ind1=" " ind2=" ">
    <subfield code="0">0</subfield>
    <subfield code="1">0</subfield>
    <subfield code="4">0</subfield>
    <subfield code="7">0</subfield>
    <subfield code="a">BCEJYS</subfield>
    <subfield code="b">BCEJYS</subfield>
    <subfield code="c">17</subfield>
    <subfield code="d">1983-01-01</subfield>
    <subfield code="h">A&#xF1;o XVI, N&#xBA; 175/177 - en./mar. 1983</subfield>
    <subfield code="l">0</subfield>
    <subfield code="o">H369 REV 175/177</subfield>
    <subfield code="p">R09691</subfield>
    <subfield code="r">2026-04-10 16:08:05</subfield>
    <subfield code="w">2026-04-10</subfield>
    <subfield code="y">RN</subfield>
  </datafield>
  <datafield tag="952" ind1=" " ind2=" ">
    <subfield code="0">0</subfield>
    <subfield code="1">0</subfield>
    <subfield code="4">0</subfield>
    <subfield code="7">0</subfield>
    <subfield code="a">BCEJYS</subfield>
    <subfield code="b">BCEJYS</subfield>
    <subfield code="c">17</subfield>
    <subfield code="d">1982-10-01</subfield>
    <subfield code="h">A&#xF1;o XV, N&#xBA; 172/174 - oct. /dic. 1982</subfield>
    <subfield code="l">0</subfield>
    <subfield code="o">H369 REV 172/174</subfield>
    <subfield code="p">R09690</subfield>
    <subfield code="r">2026-04-10 16:08:05</subfield>
    <subfield code="w">2026-04-10</subfield>
    <subfield code="y">RN</subfield>
  </datafield>
  <datafield tag="952" ind1=" " ind2=" ">
    <subfield code="0">0</subfield>
    <subfield code="1">0</subfield>
    <subfield code="4">0</subfield>
    <subfield code="7">0</subfield>
    <subfield code="a">BCEJYS</subfield>
    <subfield code="b">BCEJYS</subfield>
    <subfield code="c">17</subfield>
    <subfield code="d">1982-07-01</subfield>
    <subfield code="h">A&#xF1;o XV, N&#xBA; 169/171 - jul./sep. 1982</subfield>
    <subfield code="l">0</subfield>
    <subfield code="o">H369 REV 169/171</subfield>
    <subfield code="p">R09689</subfield>
    <subfield code="r">2026-04-10 16:08:05</subfield>
    <subfield code="w">2026-04-10</subfield>
    <subfield code="y">RN</subfield>
  </datafield>
  <datafield tag="952" ind1=" " ind2=" ">
    <subfield code="0">0</subfield>
    <subfield code="1">0</subfield>
    <subfield code="4">0</subfield>
    <subfield code="7">0</subfield>
    <subfield code="a">BCEJYS</subfield>
    <subfield code="b">BCEJYS</subfield>
    <subfield code="c">17</subfield>
    <subfield code="d">1982-04-01</subfield>
    <subfield code="h">A&#xF1;o XV, N&#xBA; 166/168 - abr./jun. 1982</subfield>
    <subfield code="l">0</subfield>
    <subfield code="o">H369 REV 166/168</subfield>
    <subfield code="p">R09688</subfield>
    <subfield code="r">2026-04-10 16:08:05</subfield>
    <subfield code="w">2026-04-10</subfield>
    <subfield code="y">RN</subfield>
  </datafield>
  <datafield tag="952" ind1=" " ind2=" ">
    <subfield code="0">0</subfield>
    <subfield code="1">0</subfield>
    <subfield code="4">0</subfield>
    <subfield code="7">0</subfield>
    <subfield code="a">BCEJYS</subfield>
    <subfield code="b">BCEJYS</subfield>
    <subfield code="c">17</subfield>
    <subfield code="d">1982-01-01</subfield>
    <subfield code="h">A&#xF1;o XV, N&#xBA; 163/165 - ene./mar. 1982</subfield>
    <subfield code="l">0</subfield>
    <subfield code="o">H369 REV 163/165</subfield>
    <subfield code="p">R09687</subfield>
    <subfield code="r">2026-04-10 16:08:05</subfield>
    <subfield code="w">2026-04-10</subfield>
    <subfield code="y">RN</subfield>
  </datafield>
  <datafield tag="952" ind1=" " ind2=" ">
    <subfield code="0">0</subfield>
    <subfield code="1">0</subfield>
    <subfield code="4">0</subfield>
    <subfield code="7">0</subfield>
    <subfield code="a">BCEJYS</subfield>
    <subfield code="b">BCEJYS</subfield>
    <subfield code="c">17</subfield>
    <subfield code="d">1981-10-01</subfield>
    <subfield code="h">A&#xF1;o XIV, N&#xBA; 160/162 - oct. /dic. 1981</subfield>
    <subfield code="l">0</subfield>
    <subfield code="o">H369 REV 160/162</subfield>
    <subfield code="p">R09686</subfield>
    <subfield code="r">2026-04-10 16:08:05</subfield>
    <subfield code="w">2026-04-10</subfield>
    <subfield code="y">RN</subfield>
  </datafield>
  <datafield tag="952" ind1=" " ind2=" ">
    <subfield code="0">0</subfield>
    <subfield code="1">0</subfield>
    <subfield code="4">0</subfield>
    <subfield code="7">0</subfield>
    <subfield code="a">BCEJYS</subfield>
    <subfield code="b">BCEJYS</subfield>
    <subfield code="c">17</subfield>
    <subfield code="d">1981-07-01</subfield>
    <subfield code="h">A&#xF1;o XIV, N&#xBA; 157/159 - jul./sep. 1981</subfield>
    <subfield code="l">0</subfield>
    <subfield code="o">H369 REV 157/159</subfield>
    <subfield code="p">R09685</subfield>
    <subfield code="r">2026-04-10 16:08:05</subfield>
    <subfield code="w">2026-04-10</subfield>
    <subfield code="y">RN</subfield>
  </datafield>
  <datafield tag="952" ind1=" " ind2=" ">
    <subfield code="0">0</subfield>
    <subfield code="1">0</subfield>
    <subfield code="4">0</subfield>
    <subfield code="7">0</subfield>
    <subfield code="a">BCEJYS</subfield>
    <subfield code="b">BCEJYS</subfield>
    <subfield code="c">17</subfield>
    <subfield code="d">1981-01-01</subfield>
    <subfield code="h">A&#xF1;o XIV, N&#xBA; 151/153 - ene./mar. 1981</subfield>
    <subfield code="l">0</subfield>
    <subfield code="o">H369 REV 151/153</subfield>
    <subfield code="p">R09684</subfield>
    <subfield code="r">2026-04-10 16:08:05</subfield>
    <subfield code="w">2026-04-10</subfield>
    <subfield code="y">RN</subfield>
  </datafield>
  <datafield tag="952" ind1=" " ind2=" ">
    <subfield code="0">0</subfield>
    <subfield code="1">0</subfield>
    <subfield code="4">0</subfield>
    <subfield code="7">0</subfield>
    <subfield code="a">BCEJYS</subfield>
    <subfield code="b">BCEJYS</subfield>
    <subfield code="c">17</subfield>
    <subfield code="d">1980-10-01</subfield>
    <subfield code="h">A&#xF1;o XIII, N&#xBA; 148/150 - oct./dic. 1980</subfield>
    <subfield code="l">0</subfield>
    <subfield code="o">H369 REV 148/150</subfield>
    <subfield code="p">R09683</subfield>
    <subfield code="r">2026-04-10 16:08:05</subfield>
    <subfield code="w">2026-04-10</subfield>
    <subfield code="y">RN</subfield>
  </datafield>
  <datafield tag="952" ind1=" " ind2=" ">
    <subfield code="0">0</subfield>
    <subfield code="1">0</subfield>
    <subfield code="4">0</subfield>
    <subfield code="7">0</subfield>
    <subfield code="a">BCEJYS</subfield>
    <subfield code="b">BCEJYS</subfield>
    <subfield code="c">17</subfield>
    <subfield code="d">1980-07-01</subfield>
    <subfield code="h">A&#xF1;o XIII, N&#xBA; 145/147 - jul./sep. 1980</subfield>
    <subfield code="l">0</subfield>
    <subfield code="o">H369 REV 145/147</subfield>
    <subfield code="p">R09682</subfield>
    <subfield code="r">2026-04-10 16:08:05</subfield>
    <subfield code="w">2026-04-10</subfield>
    <subfield code="y">RN</subfield>
  </datafield>
  <datafield tag="952" ind1=" " ind2=" ">
    <subfield code="0">0</subfield>
    <subfield code="1">0</subfield>
    <subfield code="4">0</subfield>
    <subfield code="7">0</subfield>
    <subfield code="a">BCEJYS</subfield>
    <subfield code="b">BCEJYS</subfield>
    <subfield code="c">17</subfield>
    <subfield code="d">1980-04-01</subfield>
    <subfield code="h">A&#xF1;o XIII, N&#xBA; 142/144 - abr./jun. 1980</subfield>
    <subfield code="l">0</subfield>
    <subfield code="o">H369 REV 142/144</subfield>
    <subfield code="p">R09681</subfield>
    <subfield code="r">2026-04-10 16:08:05</subfield>
    <subfield code="w">2026-04-10</subfield>
    <subfield code="y">RN</subfield>
  </datafield>
  <datafield tag="952" ind1=" " ind2=" ">
    <subfield code="0">0</subfield>
    <subfield code="1">0</subfield>
    <subfield code="4">0</subfield>
    <subfield code="7">0</subfield>
    <subfield code="a">BCEJYS</subfield>
    <subfield code="b">BCEJYS</subfield>
    <subfield code="c">17</subfield>
    <subfield code="d">1980-01-01</subfield>
    <subfield code="h">A&#xF1;o XIII, N&#xBA; 139/141 - ene./mar. 1980</subfield>
    <subfield code="l">0</subfield>
    <subfield code="o">H369 REV 139/141</subfield>
    <subfield code="p">R09680</subfield>
    <subfield code="r">2026-04-10 16:08:05</subfield>
    <subfield code="w">2026-04-10</subfield>
    <subfield code="y">RN</subfield>
  </datafield>
  <datafield tag="952" ind1=" " ind2=" ">
    <subfield code="0">0</subfield>
    <subfield code="1">0</subfield>
    <subfield code="4">0</subfield>
    <subfield code="7">0</subfield>
    <subfield code="a">BCEJYS</subfield>
    <subfield code="b">BCEJYS</subfield>
    <subfield code="c">17</subfield>
    <subfield code="d">1979-10-01</subfield>
    <subfield code="h">A&#xF1;o XII, N&#xBA; 136/138 - oct./dic. 1979</subfield>
    <subfield code="l">0</subfield>
    <subfield code="o">H369 REV 136/138</subfield>
    <subfield code="p">R09679</subfield>
    <subfield code="r">2026-04-10 16:08:05</subfield>
    <subfield code="w">2026-04-10</subfield>
    <subfield code="y">RN</subfield>
  </datafield>
  <datafield tag="952" ind1=" " ind2=" ">
    <subfield code="0">0</subfield>
    <subfield code="1">0</subfield>
    <subfield code="4">0</subfield>
    <subfield code="7">0</subfield>
    <subfield code="a">BCEJYS</subfield>
    <subfield code="b">BCEJYS</subfield>
    <subfield code="c">17</subfield>
    <subfield code="d">1979-04-01</subfield>
    <subfield code="h">A&#xF1;o XII, N&#xBA; 130/132 - abr./jun. 1979</subfield>
    <subfield code="l">0</subfield>
    <subfield code="o">H369 REV 130/132</subfield>
    <subfield code="p">R09678</subfield>
    <subfield code="r">2026-04-10 16:08:05</subfield>
    <subfield code="w">2026-04-10</subfield>
    <subfield code="y">RN</subfield>
  </datafield>
  <datafield tag="952" ind1=" " ind2=" ">
    <subfield code="0">0</subfield>
    <subfield code="1">0</subfield>
    <subfield code="4">0</subfield>
    <subfield code="7">0</subfield>
    <subfield code="a">BCEJYS</subfield>
    <subfield code="b">BCEJYS</subfield>
    <subfield code="c">17</subfield>
    <subfield code="d">1979-01-01</subfield>
    <subfield code="h">A&#xF1;o XII, N&#xBA; 127/129 - ene./mar. 1979</subfield>
    <subfield code="l">0</subfield>
    <subfield code="o">H369 REV 127/129</subfield>
    <subfield code="p">R09677</subfield>
    <subfield code="r">2026-04-10 16:08:05</subfield>
    <subfield code="w">2026-04-10</subfield>
    <subfield code="y">RN</subfield>
  </datafield>
  <datafield tag="952" ind1=" " ind2=" ">
    <subfield code="0">0</subfield>
    <subfield code="1">0</subfield>
    <subfield code="4">0</subfield>
    <subfield code="7">0</subfield>
    <subfield code="a">BCEJYS</subfield>
    <subfield code="b">BCEJYS</subfield>
    <subfield code="c">17</subfield>
    <subfield code="d">1978-10-01</subfield>
    <subfield code="h">A&#xF1;o XI, N&#xBA; 124/126 - oct./dic. 1978</subfield>
    <subfield code="l">0</subfield>
    <subfield code="o">H369 REV 124/126</subfield>
    <subfield code="p">R09676</subfield>
    <subfield code="r">2026-04-10 16:08:05</subfield>
    <subfield code="w">2026-04-10</subfield>
    <subfield code="y">RN</subfield>
  </datafield>
  <datafield tag="952" ind1=" " ind2=" ">
    <subfield code="0">0</subfield>
    <subfield code="1">0</subfield>
    <subfield code="4">0</subfield>
    <subfield code="7">0</subfield>
    <subfield code="a">BCEJYS</subfield>
    <subfield code="b">BCEJYS</subfield>
    <subfield code="c">17</subfield>
    <subfield code="d">1978-07-01</subfield>
    <subfield code="h">A&#xF1;o XI, N&#xBA; 121/123 - jul./sep. 1978</subfield>
    <subfield code="l">0</subfield>
    <subfield code="o">H369 REV 121/123</subfield>
    <subfield code="p">R09675</subfield>
    <subfield code="r">2026-04-10 16:08:05</subfield>
    <subfield code="w">2026-04-10</subfield>
    <subfield code="y">RN</subfield>
  </datafield>
  <datafield tag="952" ind1=" " ind2=" ">
    <subfield code="0">0</subfield>
    <subfield code="1">0</subfield>
    <subfield code="4">0</subfield>
    <subfield code="7">0</subfield>
    <subfield code="a">BCEJYS</subfield>
    <subfield code="b">BCEJYS</subfield>
    <subfield code="c">17</subfield>
    <subfield code="d">1978-04-01</subfield>
    <subfield code="h">A&#xF1;o XI, N&#xBA; 118/120 - abr./jun. 1978</subfield>
    <subfield code="l">0</subfield>
    <subfield code="o">H369 REV 118/120</subfield>
    <subfield code="p">R09674</subfield>
    <subfield code="r">2026-04-10 16:08:05</subfield>
    <subfield code="w">2026-04-10</subfield>
    <subfield code="y">RN</subfield>
  </datafield>
  <datafield tag="952" ind1=" " ind2=" ">
    <subfield code="0">0</subfield>
    <subfield code="1">0</subfield>
    <subfield code="4">0</subfield>
    <subfield code="7">0</subfield>
    <subfield code="a">BCEJYS</subfield>
    <subfield code="b">BCEJYS</subfield>
    <subfield code="c">17</subfield>
    <subfield code="d">1978-01-01</subfield>
    <subfield code="h">A&#xF1;o XI, N&#xBA; 115/117 - ene./mar. 1978</subfield>
    <subfield code="l">0</subfield>
    <subfield code="o">H369 REV 115/117</subfield>
    <subfield code="p">R09673</subfield>
    <subfield code="r">2026-04-10 16:08:05</subfield>
    <subfield code="w">2026-04-10</subfield>
    <subfield code="y">RN</subfield>
  </datafield>
  <datafield tag="952" ind1=" " ind2=" ">
    <subfield code="0">0</subfield>
    <subfield code="1">0</subfield>
    <subfield code="4">0</subfield>
    <subfield code="7">0</subfield>
    <subfield code="a">BCEJYS</subfield>
    <subfield code="b">BCEJYS</subfield>
    <subfield code="c">17</subfield>
    <subfield code="d">1977-10-01</subfield>
    <subfield code="h">A&#xF1;o X, N&#xBA; 112/114 - oct./dic. 1977</subfield>
    <subfield code="l">0</subfield>
    <subfield code="o">H369 REV 112/114</subfield>
    <subfield code="p">R09672</subfield>
    <subfield code="r">2026-04-10 16:08:05</subfield>
    <subfield code="w">2026-04-10</subfield>
    <subfield code="y">RN</subfield>
  </datafield>
  <datafield tag="952" ind1=" " ind2=" ">
    <subfield code="0">0</subfield>
    <subfield code="1">0</subfield>
    <subfield code="4">0</subfield>
    <subfield code="7">0</subfield>
    <subfield code="a">BCEJYS</subfield>
    <subfield code="b">BCEJYS</subfield>
    <subfield code="c">17</subfield>
    <subfield code="d">1977-07-01</subfield>
    <subfield code="h">A&#xF1;o X, N&#xBA; 109/111 - jul./sep. 1977</subfield>
    <subfield code="l">0</subfield>
    <subfield code="o">H369 REV 109/111</subfield>
    <subfield code="p">R09671</subfield>
    <subfield code="r">2026-04-10 16:08:05</subfield>
    <subfield code="w">2026-04-10</subfield>
    <subfield code="y">RN</subfield>
  </datafield>
  <datafield tag="952" ind1=" " ind2=" ">
    <subfield code="0">0</subfield>
    <subfield code="1">0</subfield>
    <subfield code="4">0</subfield>
    <subfield code="7">0</subfield>
    <subfield code="a">BCEJYS</subfield>
    <subfield code="b">BCEJYS</subfield>
    <subfield code="c">17</subfield>
    <subfield code="d">1977-04-01</subfield>
    <subfield code="h">A&#xF1;o X, N&#xBA; 106/108 - abr./jun. 1977</subfield>
    <subfield code="l">0</subfield>
    <subfield code="o">H369 REV 106/108</subfield>
    <subfield code="p">R09670</subfield>
    <subfield code="r">2026-04-10 16:08:05</subfield>
    <subfield code="w">2026-04-10</subfield>
    <subfield code="y">RN</subfield>
  </datafield>
  <datafield tag="952" ind1=" " ind2=" ">
    <subfield code="0">0</subfield>
    <subfield code="1">0</subfield>
    <subfield code="4">0</subfield>
    <subfield code="7">0</subfield>
    <subfield code="a">BCEJYS</subfield>
    <subfield code="b">BCEJYS</subfield>
    <subfield code="c">17</subfield>
    <subfield code="d">1976-07-01</subfield>
    <subfield code="h">A&#xF1;o IX, N&#xBA; 97/99 - jul./sep. 1976</subfield>
    <subfield code="l">0</subfield>
    <subfield code="o">H369 REV 97/99</subfield>
    <subfield code="p">R09646</subfield>
    <subfield code="r">2026-04-10 16:08:05</subfield>
    <subfield code="w">2026-04-10</subfield>
    <subfield code="y">RN</subfield>
  </datafield>
</record>
